| 000 | 00400 a2200145 4500 | ||
|---|---|---|---|
| 005 | 20250625160559.0 | ||
| 020 | _a0134888014 | ||
| 082 | _a519.4 LEV | ||
| 100 | _aLEVINE,D. | ||
| 245 | _aApplied Statistics for Engineers and Scientists: Using Microsoft Excel and Minitab | ||
| 260 |
_bPrentice Hall _c2001 |
||
| 300 |
_axv,670p. _bAppendix _c25cm. |
||
| 700 | _aRAMSEY,P. & SMIDT,R. | ||
| 942 |
_2ddc _cBKS |
||
| 999 |
_c5129 _d5129 |
||